| 000 | 00786nam a22002417a 4500 | ||
|---|---|---|---|
| 999 |
_c4809 _d4809 |
||
| 001 | 19234 | ||
| 003 | BD-DhUAP | ||
| 005 | 20201122110951.0 | ||
| 008 | 201122s2013 bg a|||| |||| 00| 0 eng d | ||
| 020 | _a9789848920169 | ||
| 040 |
_aBD-DhUAP _bEng _cBD-DhUAP _dBD-DhUAP |
||
| 082 |
_223 _a628.3095492 SAE |
||
| 100 | _aSaeed, Tanveer Ferdous. | ||
| 245 |
_aEnvironmental situation, wastewater treatment and disposal / _cTanveer Ferdous Saeed, Abdullah Al-Muyeed and Tanvir Ahmed. |
||
| 260 |
_aDhaka, Bangladesh : _bUGC, _cc2013. |
||
| 300 |
_axvi, 343 pages : _billustrations ; _c24 cm. |
||
| 650 |
_aWater _vPurification. |
||
| 650 |
_aSewage _vPurification _zBangladesh. |
||
| 650 | _aWater reuse. | ||
| 700 | _aAl-Muyeed, Abdullah. | ||
| 700 | _aAhmed, Tanvir. | ||
| 942 |
_2ddc _cBK |
||